000 00671nam a2200217Ii 4500
001 20509
003 CO-ViMGA
008 241108s9999||||xx |||||||||||||| ||und||
020 _a9789589906910
040 _aCO-ViMGA
_bspa
_erda
_cCO-ViMGA
041 0 _aspa
082 0 4 _a633.74 D31g
100 1 _aRicardo Díaz Vergara
_951641
245 1 0 _aGuía Ambiental Sector Maracuyá:
_bDepartamento del Meta \ Ricardo Díaz Vergara
264 1 _aBogotá, Colombia : Cormacarena, 2009
300 _avolumen
336 _atext
_btxt
_2rdacontent
337 _aunmediated
_bn
_2rdamedia
338 _avolume
_bnc
_2rdacarrier
940 _aidficha_siabuc: 20164. -- ficha_no_siabuc:20509
999 _c46373
_d46373